000 01256nam0a22002771 4500
001 rc\4300622
005 20130416125048.4
021 _aRU
_b[57-10342]
035 _a(NLR Aleph) 008501852
090 _a8114052
_c8114052
100 _a20130416d1957 |||y0rusy50 ca
101 0 _arus
102 _aRU
105 _ay z |||||
200 1 _aПравовые формы деятельности местных Советов
_e(Решения и распоряжения местных Советов и их исполкомов)
_eЛекция
_fМоск. ордена Ленина и ордена Труд. Красного Знамени гос. ун-т им. М.В. Ломоносова. Юрид. фак.
210 _aМосква
_cБ. и.
_d1957
215 _a34 с.
_d20
300 _aПеред загл. авт.: канд. юрид. наук Я.С. Вальденберг
333 _aНа правах рукописи
606 _aСоветы депутатов трудящихся, местные
_xПравовые акты
_2psbo
700 1 _aВальденберг
_bЯ. С.
_gЯдвига Станиславовна
801 0 _aRU
_bNLR
_gpsbo
801 1 _aRU
_bELAR
_2rusmarc
852 _aNLR
_j57-4/3026
942 _cBOOK
980 _aNB